| 000 | 00435nam a2200169 4500 | ||
|---|---|---|---|
| 003 | OSt | ||
| 005 | 20221111184719.0 | ||
| 008 | 221111b |||||||| |||| 00| 0 eng d | ||
| 020 | _a2 908964 23 6 | ||
| 040 | _cBiblioteca Lado V | ||
| 082 |
_a708 _bV986v |
||
| 130 |
_aVues _leng |
||
| 245 | _aVues/ | ||
| 260 |
_aFrancia _bVilla Saint-Clair _c2000 |
||
| 300 |
_a668p. _c17x23cm |
||
| 942 |
_2ddc _c1 _h708 _iV986v _n0 |
||
| 999 |
_c2613 _d2613 |
||